Online Catalogue and eLibrary

Primary sources for history of the Sri Lankan tamils (Record no. 4508)

MARC details
000 -LEADER
fixed length control field 00460nam a2200181Ia 4500
005 - DATE AND TIME OF LATEST TRANSACTION
control field 20250115020344.0
008 - FIXED-LENGTH DATA ELEMENTS--GENERAL INFORMATION
fixed length control field 240331s9999 xx 000 0 und d
020 ## - INTERNATIONAL STANDARD BOOK NUMBER
ISBN 0646454285
082 ## - DDC Classification
Item Number - Author Mark GUN
Class No. 948
100 ## - MAIN ENTRY--PERSONAL NAME
Personal name Gunasingam,M
245 #0 - TITLE STATEMENT
Title Primary sources for history of the Sri Lankan tamils
260 ## - PUBLICATION, DISTRIBUTION, ETC.
Place of publication, distribution, etc. Sydney
Name of publisher, distributor, etc. MV Publications
Date of publication, distribution, etc. 2005
300 ## - PHYSICAL DESCRIPTION
Extent (e.g. Volumes, Pages etc.) 368 p .,
650 ## - SUBJECT ADDED ENTRY--TOPICAL TERM
Topical term or geographic name entry element Historical
650 ## - SUBJECT ADDED ENTRY--TOPICAL TERM
Topical term or geographic name entry element Culture
650 ## - SUBJECT ADDED ENTRY--TOPICAL TERM
Topical term or geographic name entry element Sri Lankans Tamils
942 ## - Koha item type (Biblio)
Koha item type Books in Stacks (Lending)
Holdings
Lost status Damaged status Collection code Home library Current library Shelving location Date acquired Full call number Accession Number Item type
    Lending WERC Library WERC Library Social Science Cupboard 03/31/2024 948 GUN 6062 Books in Stacks (Lending)

© WERC Library